|
|
|
|
| LEADER |
00000cas a22000004a 4500 |
| 001 |
vtls008413278 |
| 003 |
SK-MaSNL |
| 005 |
20260228160916.0 |
| 008 |
051202c20009999xr br|p 0 b0cze |
| 022 |
|
|
|a 1213-0494
|
| 035 |
|
|
|a (SVKBB03)vtls000205819
|
| 040 |
|
|
|a SVKPO
|b slo
|c SVKPO
|d SNK
|d SVKBB
|d SAVUK
|e AACR2
|
| 041 |
0 |
|
|a cze
|
| 044 |
|
|
|a xr
|c CZ
|
| 072 |
|
7 |
|a 616-053.2
|x Pediatria
|2 konspekt
|
| 080 |
|
|
|a 616-053.2
|2 2001
|
| 210 |
0 |
|
|a Pediatr. praxi
|
| 222 |
|
0 |
|a Pediatrie pro praxi
|
| 245 |
0 |
0 |
|a Pediatrie pro praxi
|
| 260 |
|
|
|a Konice
|b Solen
|c 2000-2005
|
| 260 |
3 |
|
|3 2005/5-
|a Olomouc
|b Solen
|
| 300 |
|
|
|a zv.
|c 30 cm
|
| 310 |
|
|
|a 6x ročne
|
| 500 |
|
|
|a Registračné č. MK ČR E 10014
|
| 504 |
|
|
|a Bibliogr. odkazy
|
| 550 |
|
|
|a Vydavateľ v SR : Meduca, Bratislava
|
| 650 |
0 |
7 |
|a pediatria
|2 svkpoph
|9 912
|
| 650 |
0 |
7 |
|a Pediatrics
|2 SNKPHeng
|9 266145
|
| 655 |
|
7 |
|a odborné časopisy
|2 SNKPH
|9 70505
|
| 775 |
|
|
|t Pediatria pre prax
|x 1336-8168
|
| 850 |
|
|
|a Štátna vedecká knižnica v Prešove
|
| 856 |
4 |
|
|u http://www.pediatriepropraxi.cz
|
| 910 |
|
|
|a savuk
|
| 910 |
|
|
|a snk
|
| 916 |
|
|
|a 2004-2005
|
| 999 |
|
|
|c 3886
|d 5816
|
| 952 |
|
|
|0 0
|1 0
|4 0
|7 0
|8 1
|a SNK
|b SNK
|d 2013-12-13
|f 1
|i snk2013/30545
|l 0
|o snkČSB 5845/5/2004
|p 17A1087128
|r 2026-02-21 19:33:22
|t č. 1-6, neúpl.
|w 2026-02-21
|y PREZ
|z chýba č. 1
|
| 952 |
|
|
|0 0
|1 0
|4 0
|7 0
|8 1
|a SNK
|b SNK
|d 2013-12-13
|i snk2013/30546
|l 0
|o snkČSB 5845/5/2004 D1
|p 17A1087129
|r 2026-02-21 19:33:22
|t č. 1-6, neúpl.
|w 2026-02-21
|y PREZ
|z chýba č. 1, 3
|
| 952 |
|
|
|0 0
|1 0
|4 0
|7 0
|8 1
|a SNK
|b SNK
|d 2013-12-13
|f 1
|i snk2013/30549
|l 0
|o snkČSB 5845/6/2005
|p 17A1087130
|r 2026-02-21 19:33:22
|t č. 1-6
|w 2026-02-21
|y PREZ
|
| 952 |
|
|
|0 0
|1 0
|4 0
|7 0
|8 1
|a SNK
|b SNK
|d 2013-12-13
|i snk2013/30550
|l 0
|o snkČSB 5845/6/2005 D1
|p 17A1087131
|r 2026-02-21 19:33:22
|t č. 1-6
|w 2026-02-21
|y PREZ
|z č. 1-6
|